Critical Care Nursing : Diagnosis and management (Record no. 157247)

MARC details
000 -LEADER
fixed length control field 00362nam a2200133Ia 4500
008 - FIXED-LENGTH DATA ELEMENTS--GENERAL INFORMATION
fixed length control field 230411s9999 xx 000 0 und d
041 ## - LANGUAGE CODE
Language code of text/sound track or separate title eng
082 ## - DEWEY DECIMAL CLASSIFICATION NUMBER
Classification number MS/616.028/URD/B07053
100 ## - MAIN ENTRY--PERSONAL NAME
Personal name Urden Linda
9 (RLIN) 179356
245 ## - TITLE STATEMENT
Title Critical Care Nursing : Diagnosis and management
260 ## - PUBLICATION, DISTRIBUTION, ETC. (IMPRINT)
Name of publisher, distributor, etc. Mosby
Place of publication, distribution, etc. St Louis
Date of publication, distribution, etc. 2010
300 ## - PHYSICAL DESCRIPTION
Extent 1206p
Holdings
Withdrawn status Lost status Damaged status Not for loan Collection code Home library Current library Date acquired Vendor Cost, normal purchase price Bill number Total Checkouts Full call number Barcode Date last seen Cost, replacement price Bill Date Koha item type Original Barcode
        MS Smt. Bakul Tambat Institute of Nursing Education Smt. Bakul Tambat Institute of Nursing Education 20/03/2012 B.J.Medical Co-oprative College Stores 5812.80 3317   MS 616.028 URD B07053 BTIN-BK-7053 11/04/2023 3778.00 20/03/2012 Books B07053